| 000 | 00000nas##2200000za#4500 |
| 001 | 9.512955 |
| 003 | CaOODSP |
| 005 | 20200330165848 |
| 007 | ta |
| 008 | 150406c1996||||xxc|| m #||||f| |0fre|d |
| 040 | |aCaOODSP|bfre |
| 043 | |an-cn--- |
| 086 | 1 |aEn153-6F |
| 110 | 1 |aCanada. |bEnvironnement Canada. |bService de la protection de l'environnement. |
| 245 | 10|aLes établissements industriels: faits saillant / |cPublié dans le cadre de Saint-Laurent Vision 2000. |
| 260 | |aMontréal - Québec : |bEnvironnement Canada. |
| 500 | |aPublié dans le cadre de Saint-Laurent Vision 2000. |
| 563 | |aDépliant |
| 775 | 08|tIndustrial plants highlights |w(CaOODSP)9.514553 |
| 776 | 0#|tÉtablissements industriels |w(CaOODSP)9.806427 |